[Event "WCO 2016"]
[Site "?"]
[Date "2016.09.13"]
[Round "11"]
[Board "35"]
[WhiteID "22000100"]
[White "Amer Said Salim Al Maashani"]
[BlackID "10400095"]
[Black "Cox Valentine"]
[Result "1-0"]
[BlackElo "1867"]
[WhiteElo "2044"]
[LiveChessVersion "1.4.8"]

1. e4 {[%clk 1:30:58]} c5 {[%clk 1:30:50]} 2. Nf3 {[%clk 1:31:19]} d6
{[%clk 1:31:06]} 3. d4 {[%clk 1:31:44]} cxd4 {[%clk 1:31:27]} 4. Nxd4
{[%clk 1:32:06]} Nf6 {[%clk 1:31:51]} 5. Nc3 {[%clk 1:32:31]} a6 {[%clk 1:30:15]}
6. Bg5 {[%clk 1:30:19]} e5 {[%clk 1:27:18]} 7. Nb3 {[%clk 1:27:42]} h6
{[%clk 1:27:27]} 8. Bxf6 {[%clk 1:26:16]} Qxf6 {[%clk 1:27:37]} 9. Nd5
{[%clk 1:26:20]} Qd8 {[%clk 1:26:59]} 10. Qd2 {[%clk 1:21:11]} Be6
{[%clk 1:21:10]} 11. Na5 {[%clk 1:14:11]} b5 {[%clk 1:16:29]} 12. b4
{[%clk 1:02:18]} Bxd5 {[%clk 0:55:31]} 13. Qxd5 {[%clk 1:02:28]} Nd7
{[%clk 0:55:33]} 14. Be2 {[%clk 0:41:08]} Qc8 {[%clk 0:51:00]} 15. O-O
{[%clk 0:37:39]} Nf6 16. Qd3 {[%clk 0:37:43]} Be7 {[%clk 0:50:15]} 17. c4
{[%clk 0:37:51]} bxc4 {[%clk 0:44:51]} 18. Nxc4 {[%clk 0:37:59]} O-O
{[%clk 0:45:07]} 19. Nb6 {[%clk 0:37:37]} Qb7 {[%clk 0:43:09]} 20. Nxa8
{[%clk 0:37:39]} Rxa8 {[%clk 0:43:30]} 21. a3 {[%clk 0:37:29]} Nxe4
{[%clk 0:43:09]} 22. Bf3 {[%clk 0:35:36]} f5 {[%clk 0:43:06]} 23. Rfd1
{[%clk 0:33:57]} Rc8 {[%clk 0:40:51]} 24. Bxe4 {[%clk 0:32:59]} fxe4
{[%clk 0:40:23]} 25. Qd5+ {[%clk 0:33:18]} Qxd5 {[%clk 0:40:32]} 26. Rxd5
{[%clk 0:33:46]} Kf7 {[%clk 0:40:40]} 27. Rdd1 {[%clk 0:32:02]} Rc3
{[%clk 0:39:08]} 28. Rdc1 {[%clk 0:32:06]} Rd3 {[%clk 0:34:58]} 29. Rc6
{[%clk 0:32:14]} e3 {[%clk 0:35:00]} 30. fxe3 {[%clk 0:32:04]} Rxe3
{[%clk 0:33:38]} 31. Rxa6 {[%clk 0:32:22]} Rb3 {[%clk 0:33:00]} 32. Rc6
{[%clk 0:24:47]} e4 {[%clk 0:30:44]} 33. Rcc1 {[%clk 0:22:28]} Bf6
{[%clk 0:26:11]} 34. Rcb1 {[%clk 0:22:05]} Rc3 {[%clk 0:26:10]} 35. Ra2
{[%clk 0:19:27]} d5 {[%clk 0:21:25]} 36. b5 {[%clk 0:15:37]} d4 {[%clk 0:21:20]}
37. b6 {[%clk 0:12:56]} e3 {[%clk 0:20:43]} 38. Kf1 {[%clk 0:04:18]} d3
{[%clk 0:20:44]} 39. b7 {[%clk 0:02:15]} Be5 {[%clk 0:20:59]} 40. a4
{[%clk 0:30:32]} Bxh2 {[%clk 0:45:22]} 41. a5 {[%clk 0:13:59]} d2
{[%clk 0:44:34]} 42. Raa1 {[%clk 0:13:54]} Bb8 {[%clk 0:35:55]} 43. a6
{[%clk 0:14:06]} Ba7 {[%clk 0:27:42]} 44. Ke2 {[%clk 0:14:03]} Ke7
{[%clk 0:26:19]} 45. Kd1 {[%clk 0:13:11]} Kd7 {[%clk 0:13:46]} 46. b8=Q
{[%clk 0:12:55]} Bxb8 {[%clk 0:07:45]} 47. Rxb8 {[%clk 0:12:49]} e2+
{[%clk 0:07:39]} 48. Kxd2 {[%clk 0:12:58]} 1-0

[Event "WCO 2016"]
[Site "?"]
[Date "2016.09.13"]
[Round "11"]
[Board "36"]
[WhiteID "10400583"]
[White "Moncur Cecil"]
[BlackID "22000046"]
[Black "Al Mashikhi Salim Aliyan"]
[Result "0-1"]
[BlackElo "2060"]
[WhiteElo "1869"]
[LiveChessVersion "1.4.8"]

1. d4 {[%clk 1:30:56]} Nf6 {[%clk 1:30:55]} 2. c4 {[%clk 1:31:20]} e6
{[%clk 1:31:15]} 3. Nf3 {[%clk 1:31:44]} d5 {[%clk 1:31:30]} 4. cxd5
{[%clk 1:32:03]} exd5 {[%clk 1:31:47]} 5. Bg5 {[%clk 1:32:13]} c6
{[%clk 1:31:53]} 6. Nc3 {[%clk 1:32:21]} Bf5 {[%clk 1:32:06]} 7. e3
{[%clk 1:32:18]} Nbd7 {[%clk 1:32:15]} 8. Ne5 {[%clk 1:31:51]} Qb6
{[%clk 1:27:47]} 9. Qc1 {[%clk 1:23:57]} Nxe5 {[%clk 1:27:47]} 10. dxe5
{[%clk 1:23:53]} Ne4 {[%clk 1:28:07]} 11. Nxe4 {[%clk 1:22:54]} Bxe4
{[%clk 1:27:05]} 12. f3 {[%clk 1:22:10]} Bg6 {[%clk 1:26:46]} 13. a3
{[%clk 1:19:23]} a5 {[%clk 1:27:05]} 14. Qd2 {[%clk 1:18:25]} h6 {[%clk 1:26:48]}
15. Bf4 {[%clk 1:18:29]} Bc5 {[%clk 1:25:49]} 16. Rc1 {[%clk 1:18:12]} d4
{[%clk 1:23:32]} 17. e4 {[%clk 1:16:40]} O-O {[%clk 1:21:48]} 18. Qc2
{[%clk 1:15:20]} Be7 {[%clk 1:21:48]} 19. Bc4 {[%clk 1:14:55]} Bg5
{[%clk 1:20:33]} 20. Bxg5 {[%clk 1:14:55]} hxg5 {[%clk 1:20:47]} 21. Qd2
{[%clk 1:13:13]} Qd8 {[%clk 1:15:37]} 22. Rd1 {[%clk 1:12:20]} Qe7
{[%clk 1:15:41]} 23. Kf2 {[%clk 1:11:21]} Rfd8 {[%clk 1:15:38]} 24. g4
{[%clk 1:09:07]} Qxe5 {[%clk 1:15:16]} 25. h4 {[%clk 1:09:13]} d3
{[%clk 1:12:49]} 26. Ba2 {[%clk 1:08:55]} Bxe4 {[%clk 1:05:58]} 27. hxg5
{[%clk 1:03:08]} Bg6 {[%clk 1:05:16]} 28. Rde1 {[%clk 1:01:36]} Qd4+
{[%clk 1:05:23]} 29. Kg3 {[%clk 0:57:46]} Re8 {[%clk 1:03:25]} 30. f4
{[%clk 0:57:43]} Be4 {[%clk 1:01:53]} 31. Rh5 {[%clk 0:51:29]} Bd5
{[%clk 0:59:09]} 32. Bxd5 {[%clk 0:51:20]} cxd5 {[%clk 0:58:50]} 33. f5
{[%clk 0:43:51]} Rxe1 {[%clk 0:57:44]} 34. Qxe1 {[%clk 0:43:51]} d2
{[%clk 0:57:46]} 35. Qh1 {[%clk 0:43:42]} Qe3+ {[%clk 0:57:56]} 36. Kg2
{[%clk 0:43:11]} Qe2+ {[%clk 0:57:34]} 37. Kg3 {[%clk 0:42:49]} Qe1+
{[%clk 0:57:27]} 38. Kg2 Qxh1+ {[%clk 0:57:23]} 39. Rxh1 {[%clk 0:43:39]} Rc8
{[%clk 0:57:19]} 40. Rd1 {[%clk 1:13:49]} Rc2 {[%clk 1:27:31]} 41. b4
{[%clk 1:14:08]} axb4 {[%clk 1:27:31]} 42. axb4 {[%clk 1:14:27]} Kf8
{[%clk 1:27:43]} 43. Kf3 {[%clk 1:14:16]} Ke7 {[%clk 1:27:44]} 44. Ke2
{[%clk 1:14:03]} Kd6 {[%clk 1:27:17]} 45. Rh1 {[%clk 1:14:14]} Rc1
{[%clk 1:26:54]} 46. Rd1 {[%clk 1:13:57]} Rxd1 {[%clk 1:26:39]} 47. Kxd1
{[%clk 1:14:26]} Ke5 {[%clk 1:26:48]} 48. Kxd2 {[%clk 1:14:54]} Kf4
{[%clk 1:26:58]} 49. Kd3 {[%clk 1:14:02]} Kxg4 {[%clk 1:26:20]} 50. Kd4
{[%clk 1:14:03]} Kxf5 {[%clk 1:26:10]} 51. Kxd5 {[%clk 1:14:15]} Kxg5
{[%clk 1:26:24]} 52. b5 {[%clk 1:14:15]} f5 {[%clk 1:26:41]} 0-1

[Event "WCO 2016"]
[Site "?"]
[Date "2016.09.13"]
[Round "11"]
[Board "2"]
[WhiteID "11800046"]
[White "Grassi Enrico"]
[BlackID "16900049"]
[Black "Espirito Santo Waldyr"]
[Result "0-1"]
[BlackElo "1915"]
[WhiteElo "2049"]
[LiveChessVersion "1.4.8"]

1. e4 {[%clk 1:30:55]} e5 {[%clk 1:30:29]} 2. Nf3 {[%clk 1:31:20]} Nc6
{[%clk 1:30:52]} 3. Bc4 {[%clk 1:31:44]} Be7 {[%clk 1:30:43]} 4. d4
{[%clk 1:30:58]} exd4 {[%clk 1:28:32]} 5. Nxd4 {[%clk 1:31:21]} Nf6
{[%clk 1:28:18]} 6. Nxc6 {[%clk 1:27:10]} bxc6 {[%clk 1:26:19]} 7. e5
{[%clk 1:25:43]} Nd5 {[%clk 1:22:00]} 8. Bxd5 {[%clk 1:24:06]} cxd5
{[%clk 1:22:29]} 9. Qxd5 {[%clk 1:24:26]} c6 {[%clk 1:19:31]} 10. Qd4
{[%clk 1:24:05]} Ba6 {[%clk 1:19:01]} 11. c4 {[%clk 1:24:11]} O-O
{[%clk 1:14:28]} 12. O-O {[%clk 1:24:29]} Qc7 {[%clk 1:13:21]} 13. Bf4
{[%clk 1:20:26]} Qb6 {[%clk 1:03:12]} 14. Qxb6 {[%clk 1:14:33]} axb6
{[%clk 1:00:27]} 15. Nd2 {[%clk 1:06:41]} Bb4 {[%clk 0:55:51]} 16. Rfc1
{[%clk 1:06:30]} f6 {[%clk 0:49:37]} 17. exf6 {[%clk 1:00:09]} Rxf6
{[%clk 0:50:00]} 18. Be3 {[%clk 1:00:22]} Rb8 {[%clk 0:46:52]} 19. b3
{[%clk 0:55:16]} d5 {[%clk 0:43:54]} 20. cxd5 {[%clk 0:52:51]} cxd5
{[%clk 0:44:08]} 21. Nf3 {[%clk 0:53:00]} Ba3 {[%clk 0:38:57]} 22. Rc7 Bd6
{[%clk 0:35:10]} 23. Rc6 {[%clk 0:46:34]} Bxh2+ {[%clk 0:35:02]} 24. Kxh2
{[%clk 0:46:51]} Rxc6 {[%clk 0:35:25]} 25. Ne5 {[%clk 0:46:59]} Re6
{[%clk 0:32:22]} 26. f4 {[%clk 0:47:10]} g5 {[%clk 0:30:31]} 27. g3
{[%clk 0:47:32]} Rc8 {[%clk 0:28:24]} 28. Rd1 {[%clk 0:46:48]} Rc2+
{[%clk 0:24:19]} 29. Rd2 {[%clk 0:47:00]} Rxd2+ {[%clk 0:19:47]} 30. Bxd2
{[%clk 0:47:24]} Be2 {[%clk 0:19:19]} 31. Kg2 {[%clk 0:47:21]} gxf4
{[%clk 0:19:08]} 32. gxf4 {[%clk 0:47:41]} b5 {[%clk 0:19:03]} 33. Kf2
{[%clk 0:47:49]} Bd1 {[%clk 0:18:55]} 34. Ke3 {[%clk 0:46:00]} Ra6
{[%clk 0:16:09]} 35. a4 {[%clk 0:45:42]} bxa4 {[%clk 0:16:18]} 36. bxa4
{[%clk 0:46:07]} Rxa4 {[%clk 0:16:15]} 37. Nd7 {[%clk 0:45:34]} Kf7
{[%clk 0:14:26]} 38. Nb6 {[%clk 0:45:41]} Re4+ {[%clk 0:14:16]} 39. Kd3
{[%clk 0:45:55]} Be2+ {[%clk 0:14:14]} 40. Kc3 {[%clk 1:16:21]} d4+
{[%clk 0:43:09]} 41. Kc2 {[%clk 1:16:38]} h5 {[%clk 0:40:24]} 0-1

[Event "WCO 2016"]
[Site "?"]
[Date "2016.09.13"]
[Round "11"]
[Board "3"]
[WhiteID "14306352"]
[White "Lima Osvaldo Dos Santos"]
[BlackID "11800089"]
[Black "Maccapani Massimiliano"]
[Result "1-0"]
[BlackElo "1971"]
[WhiteElo "1782"]
[LiveChessVersion "1.4.8"]

1. c4 {[%clk 1:30:53]} c5 {[%clk 1:30:53]} 2. Nc3 {[%clk 1:31:17]} Nc6
{[%clk 1:31:16]} 3. g3 {[%clk 1:31:37]} g6 {[%clk 1:31:39]} 4. Bg2
{[%clk 1:32:03]} Bg7 {[%clk 1:32:01]} 5. e3 {[%clk 1:32:04]} Bxc3
{[%clk 1:32:15]} 6. bxc3 {[%clk 1:30:37]} f5 {[%clk 1:32:34]} 7. h4
{[%clk 1:28:45]} Nf6 {[%clk 1:30:00]} 8. Nf3 {[%clk 1:27:00]} e6 {[%clk 1:23:17]}
9. Qc2 {[%clk 1:27:04]} d6 {[%clk 0:58:44]} 10. d3 {[%clk 1:26:44]} Qc7
{[%clk 0:53:23]} 11. O-O {[%clk 1:25:15]} O-O {[%clk 0:53:06]} 12. Ng5
{[%clk 1:23:09]} Bd7 {[%clk 0:46:21]} 13. e4 {[%clk 1:20:59]} fxe4
{[%clk 0:45:47]} 14. Nxe4 {[%clk 1:21:22]} Nxe4 {[%clk 0:42:31]} 15. Bxe4
{[%clk 1:21:42]} Ne7 {[%clk 0:42:26]} 16. Qe2 {[%clk 1:20:19]} Rf7
{[%clk 0:27:27]} 17. Rb1 {[%clk 1:20:38]} Rb8 {[%clk 0:27:28]} 18. h5
{[%clk 1:20:54]} e5 {[%clk 0:27:27]} 19. hxg6 {[%clk 1:19:32]} hxg6
{[%clk 0:27:20]} 20. Bg5 {[%clk 1:19:12]} Bf5 {[%clk 0:25:38]} 21. Bg2
{[%clk 1:17:22]} b6 {[%clk 0:25:33]} 22. f4 {[%clk 1:16:26]} Re8 {[%clk 0:21:56]}
23. g4 {[%clk 1:16:51]} Bd7 {[%clk 0:16:42]} 24. fxe5 {[%clk 1:15:24]} 1-0

[Event "WCO 2016"]
[Site "?"]
[Date "2016.09.13"]
[Round "11"]
[Board "4"]
[WhiteID "11800054"]
[White "Volpinari Danilo"]
[BlackID "1951165"]
[Black "Semedo Adelino"]
[Result "1-0"]
[BlackElo "1671"]
[WhiteElo "1976"]
[LiveChessVersion "1.4.8"]

1. e4 {[%clk 1:30:54]} c6 {[%clk 1:30:26]} 2. d3 {[%clk 1:31:02]} d5
{[%clk 1:29:25]} 3. Nd2 {[%clk 1:31:24]} g6 {[%clk 1:29:01]} 4. Ngf3
{[%clk 1:30:13]} Bg7 {[%clk 1:27:52]} 5. g3 {[%clk 1:28:57]} e5 {[%clk 1:25:37]}
6. Bg2 {[%clk 1:27:19]} Ne7 {[%clk 1:24:23]} 7. O-O {[%clk 1:27:03]} O-O
{[%clk 1:24:20]} 8. Re1 {[%clk 1:26:39]} f6 {[%clk 1:20:51]} 9. b3
{[%clk 1:21:35]} d4 {[%clk 1:16:52]} 10. Bb2 {[%clk 1:20:29]} Be6
{[%clk 1:15:47]} 11. b4 {[%clk 1:10:00]} a5 {[%clk 1:12:05]} 12. bxa5
{[%clk 1:08:26]} Rxa5 {[%clk 1:04:42]} 13. Nb3 {[%clk 1:08:47]} Ra7
{[%clk 1:03:48]} 14. c3 {[%clk 1:07:07]} dxc3 {[%clk 1:02:07]} 15. Bxc3
{[%clk 1:07:34]} Nd7 {[%clk 1:00:43]} 16. d4 {[%clk 1:06:28]} Qc7
{[%clk 0:59:35]} 17. Bb4 {[%clk 1:01:23]} Nb6 {[%clk 0:56:26]} 18. dxe5
{[%clk 0:57:25]} Rd8 {[%clk 0:52:15]} 19. Qc2 {[%clk 0:57:29]} fxe5
{[%clk 0:50:30]} 20. Ng5 {[%clk 0:56:27]} Bf7 {[%clk 0:46:33]} 21. Nc5
{[%clk 0:55:37]} Rd6 {[%clk 0:40:41]} 22. Nxf7 {[%clk 0:50:10]} Kxf7
{[%clk 0:40:35]} 23. Qb3+ {[%clk 0:50:40]} Kf8 {[%clk 0:29:17]} 24. Ne6+
{[%clk 0:50:02]} Rxe6 {[%clk 0:29:38]} 25. Qxe6 {[%clk 0:50:29]} c5
{[%clk 0:28:57]} 26. Rac1 {[%clk 0:46:13]} Nd7 {[%clk 0:27:48]} 27. Bh3
{[%clk 0:43:33]} b6 {[%clk 0:25:59]} 28. Re3 {[%clk 0:38:03]} Bh6
{[%clk 0:25:35]} 29. Rf3+ {[%clk 0:38:27]} Ke8 {[%clk 0:25:05]} 30. Rd1
{[%clk 0:32:55]} cxb4 {[%clk 0:24:02]} 31. Qf7+ {[%clk 0:32:22]} Kd8
{[%clk 0:24:27]} 32. Rfd3 {[%clk 0:29:25]} 1-0

[Event "WCO 2016"]
[Site "?"]
[Date "2016.09.13"]
[Round "11"]
[Board "1"]
[WhiteID "20800061"]
[White "Manan Yoboue Hermann"]
[BlackID "9100024"]
[Black "Fancy Stuart"]
[Result "1-0"]
[BlackElo "1995"]
[WhiteElo "2115"]
[LiveChessVersion "1.4.8"]

1. e4 {[%clk 1:30:47]} c5 {[%clk 1:30:58]} 2. Nf3 {[%clk 1:31:05]} e6
{[%clk 1:31:15]} 3. d4 {[%clk 1:31:17]} cxd4 {[%clk 1:31:41]} 4. Nxd4
{[%clk 1:31:43]} Nf6 {[%clk 1:32:01]} 5. Nc3 {[%clk 1:31:42]} Nc6
{[%clk 1:32:27]} 6. Nxc6 {[%clk 1:31:49]} bxc6 {[%clk 1:32:43]} 7. e5
{[%clk 1:31:44]} Nd5 {[%clk 1:32:32]} 8. Ne4 {[%clk 1:31:57]} Qc7
{[%clk 1:31:45]} 9. f4 {[%clk 1:32:07]} Rb8 {[%clk 1:25:26]} 10. Bd3
{[%clk 1:29:11]} f5 {[%clk 1:16:54]} 11. exf6 {[%clk 1:26:11]} Nxf6
{[%clk 1:13:22]} 12. Nxf6+ {[%clk 1:24:46]} gxf6 {[%clk 1:13:45]} 13. Qh5+
{[%clk 1:24:18]} Ke7 14. O-O {[%clk 1:23:16]} Ba6 {[%clk 1:12:37]} 15. c4
{[%clk 1:16:15]} Bg7 {[%clk 0:46:45]} 16. b3 {[%clk 1:11:23]} f5 {[%clk 0:34:37]}
17. Rb1 {[%clk 1:09:08]} Rbg8 {[%clk 0:31:52]} 18. Qe2 {[%clk 1:06:02]} Kd8
{[%clk 0:31:18]} 19. c5 {[%clk 1:04:55]} Bd4+ {[%clk 0:30:44]} 20. Be3
{[%clk 1:04:52]} Bxe3+ {[%clk 0:30:52]} 21. Qxe3 {[%clk 1:05:03]} Bxd3
{[%clk 0:31:14]} 22. Qxd3 {[%clk 1:05:06]} Rg4 {[%clk 0:30:35]} 23. Rbd1
{[%clk 1:03:40]} Rhg8 {[%clk 0:28:44]} 24. Rf2 {[%clk 1:00:59]} R8g7
{[%clk 0:27:13]} 25. Qd4 {[%clk 1:00:23]} e5 {[%clk 0:16:24]} 26. Qxe5
{[%clk 0:59:20]} Qxe5 {[%clk 0:16:52]} 27. fxe5 {[%clk 0:59:37]} Re4
{[%clk 0:17:03]} 28. Rxf5 {[%clk 0:58:27]} Re2 {[%clk 0:17:19]} 29. g3
{[%clk 0:57:37]} Ke7 {[%clk 0:16:28]} 30. a4 {[%clk 0:48:50]} Rc2
{[%clk 0:15:36]} 31. Rf6 {[%clk 0:45:04]} Rxc5 {[%clk 0:12:36]} 32. Rfd6
{[%clk 0:45:20]} Ke8 {[%clk 0:12:21]} 33. e6 {[%clk 0:44:55]} dxe6
{[%clk 0:12:41]} 34. Rd8+ {[%clk 0:40:25]} Ke7 {[%clk 0:12:13]} 35. R8d7+
{[%clk 0:40:50]} Kf6 {[%clk 0:12:30]} 36. Rxg7 {[%clk 0:41:03]} Kxg7
{[%clk 0:12:56]} 37. Rd7+ {[%clk 0:41:20]} Kf6 {[%clk 0:10:43]} 38. Rxh7
{[%clk 0:41:34]} a5 {[%clk 0:10:42]} 39. Kg2 {[%clk 0:41:36]} Rc2+
{[%clk 0:10:20]} 40. Kh3 {[%clk 1:11:41]} Rb2 {[%clk 0:39:57]} 41. Ra7
{[%clk 1:11:55]} Rxb3 {[%clk 0:36:28]} 42. Rxa5 {[%clk 1:12:16]} Ra3
{[%clk 0:36:37]} 43. Kh4 {[%clk 1:05:13]} c5 {[%clk 0:36:20]} 44. g4
{[%clk 1:04:38]} c4 {[%clk 0:34:50]} 45. g5+ {[%clk 1:02:32]} Kg6
{[%clk 0:34:51]} 46. Kg4 {[%clk 0:56:02]} Rd3 {[%clk 0:30:58]} 47. Re5
{[%clk 0:46:44]} Rd4+ {[%clk 0:30:10]} 48. Kg3 {[%clk 0:47:04]} c3
{[%clk 0:30:12]} 49. h4 {[%clk 0:46:10]} Rc4 {[%clk 0:21:07]} 50. Rxe6+
{[%clk 0:45:33]} Kf7 {[%clk 0:21:30]} 51. Re1 {[%clk 0:45:03]} Rxa4
{[%clk 0:21:52]} 52. h5 {[%clk 0:43:34]} c2 {[%clk 0:19:58]} 53. g6+
{[%clk 0:43:34]} Kf6 {[%clk 0:16:37]} 54. Rf1+ {[%clk 0:43:51]} Kg5
{[%clk 0:16:42]} 55. g7 {[%clk 0:34:51]} Rg4+ {[%clk 0:12:19]} 56. Kf2
{[%clk 0:34:55]} Rf4+ {[%clk 0:12:44]} 57. Ke2 {[%clk 0:35:05]} Rxf1
{[%clk 0:13:05]} 58. g8=Q+ {[%clk 0:34:57]} 1-0

[Event "WCO 2016"]
[Site "?"]
[Date "2016.09.13"]
[Round "11"]
[Board "2"]
[WhiteID "9100121"]
[White "Jones Rupert"]
[BlackID "20800070"]
[Black "Mambe Lobognon Anderson Olivier"]
[Result "0-1"]
[BlackElo "1880"]
[WhiteElo "1851"]
[LiveChessVersion "1.4.8"]

1. e4 {[%clk 1:30:50]} e6 {[%clk 1:30:50]} 2. Qe2 {[%clk 1:27:20]} Be7
{[%clk 1:30:12]} 3. Nc3 {[%clk 1:26:26]} d5 {[%clk 1:28:31]} 4. exd5
{[%clk 1:22:07]} exd5 {[%clk 1:28:53]} 5. Qb5+ {[%clk 1:22:06]} c6
{[%clk 1:28:47]} 6. Qb3 {[%clk 1:22:14]} Nf6 {[%clk 1:28:19]} 7. d4
{[%clk 1:21:57]} O-O {[%clk 1:28:07]} 8. Nf3 {[%clk 1:21:33]} Re8
{[%clk 1:26:46]} 9. Be2 {[%clk 1:20:18]} Nbd7 10. O-O {[%clk 1:19:29]} h6
{[%clk 1:23:21]} 11. Re1 {[%clk 1:10:04]} Bd6 {[%clk 1:22:32]} 12. Bd2
{[%clk 1:09:37]} Qc7 {[%clk 1:19:13]} 13. h3 {[%clk 1:02:32]} Nf8
{[%clk 1:17:02]} 14. Bd3 Be6 {[%clk 1:16:34]} 15. Ne5 {[%clk 0:46:42]} Bxe5
{[%clk 1:16:24]} 16. Rxe5 {[%clk 0:46:23]} c5 {[%clk 1:12:37]} 17. Nb5
{[%clk 0:41:05]} Qb8 {[%clk 1:12:13]} 18. c4 {[%clk 0:29:50]} a6 {[%clk 1:03:10]}
19. Na3 {[%clk 0:16:20]} cxd4 {[%clk 0:58:23]} 20. Ree1 {[%clk 0:13:31]} N8d7
{[%clk 0:54:42]} 21. Qd1 {[%clk 0:10:02]} Nc5 {[%clk 0:52:29]} 22. Qf3
{[%clk 0:09:11]} dxc4 {[%clk 0:49:21]} 23. Bxc4 {[%clk 0:08:50]} b5
{[%clk 0:49:11]} 24. Bxe6 {[%clk 0:07:36]} Nxe6 {[%clk 0:46:49]} 25. Bxh6
{[%clk 0:07:23]} Qd6 {[%clk 0:45:16]} 26. Bd2 {[%clk 0:07:10]} Rec8
{[%clk 0:45:10]} 27. Rac1 {[%clk 0:06:52]} Nd5 {[%clk 0:44:52]} 28. Qe4
{[%clk 0:05:19]} Re8 {[%clk 0:42:53]} 29. Qf3 {[%clk 0:05:09]} Rac8
{[%clk 0:43:01]} 30. Qd3 {[%clk 0:04:31]} Rxc1 {[%clk 0:42:49]} 31. Rxc1
{[%clk 0:04:45]} Nef4 {[%clk 0:42:54]} 32. Qf1 {[%clk 0:00:48]} Ne2+
{[%clk 0:42:48]} 33. Kh1 {[%clk 0:01:11]} Nxc1 {[%clk 0:42:31]} 34. Bxc1
{[%clk 0:01:19]} d3 {[%clk 0:41:36]} 35. Bd2 {[%clk 0:01:25]} Re2
{[%clk 0:41:37]} 36. Nb1 {[%clk 0:00:52]} b4 {[%clk 0:41:32]} 37. Kg1
{[%clk 0:00:44]} a5 {[%clk 0:41:40]} 38. a3 {[%clk 0:00:46]} Qc5 {[%clk 0:41:57]}
39. axb4 {[%clk 0:01:05]} axb4 {[%clk 0:41:55]} 0-1

[Event "WCO 2016"]
[Site "?"]
[Date "2016.09.13"]
[Round "11"]
[Board "3"]
[WhiteID "20800088"]
[White "Ble Kouko Hubert"]
[BlackID "9100032"]
[Black "Marko Helmut"]
[Result "1-0"]
[BlackElo "1939"]
[WhiteElo "1918"]
[LiveChessVersion "1.4.8"]

1. e4 {[%clk 1:30:55]} c5 {[%clk 1:30:41]} 2. Nf3 {[%clk 1:30:52]} Nc6
{[%clk 1:30:48]} 3. d4 {[%clk 1:30:10]} cxd4 {[%clk 1:31:07]} 4. Nxd4
{[%clk 1:30:34]} g6 {[%clk 1:31:15]} 5. Nc3 {[%clk 1:28:05]} Bg7 {[%clk 1:31:08]}
6. Be3 {[%clk 1:28:03]} Nf6 {[%clk 1:30:58]} 7. Be2 {[%clk 1:27:51]} d6
{[%clk 1:30:23]} 8. O-O {[%clk 1:26:09]} O-O {[%clk 1:29:57]} 9. f3
{[%clk 1:21:55]} a6 {[%clk 1:25:42]} 10. Qd2 {[%clk 1:21:54]} Bd7
{[%clk 1:21:15]} 11. a4 {[%clk 1:19:36]} Qc7 {[%clk 1:16:53]} 12. Rad1
{[%clk 1:03:45]} Rac8 {[%clk 1:13:26]} 13. f4 {[%clk 0:53:12]} Nxd4
{[%clk 1:10:16]} 14. Bxd4 {[%clk 0:53:19]} Bc6 {[%clk 1:09:33]} 15. Bf3
{[%clk 0:51:25]} Nd7 {[%clk 1:04:10]} 16. Bxg7 {[%clk 0:43:06]} Kxg7
{[%clk 1:03:56]} 17. Rf2 {[%clk 0:37:46]} Kg8 {[%clk 1:00:09]} 18. b3
{[%clk 0:34:17]} Qb6 {[%clk 0:56:33]} 19. Ne2 {[%clk 0:32:52]} Nf6
{[%clk 0:56:06]} 20. Ng3 {[%clk 0:32:12]} h5 {[%clk 0:55:23]} 21. Qd4
{[%clk 0:30:44]} Qxd4 {[%clk 0:48:26]} 22. Rxd4 {[%clk 0:31:12]} Rc7
{[%clk 0:40:19]} 23. Rfd2 {[%clk 0:23:02]} Nd7 {[%clk 0:37:51]} 24. Nh1
{[%clk 0:17:46]} Rfc8 {[%clk 0:36:35]} 25. Nf2 {[%clk 0:16:53]} Nc5
{[%clk 0:35:34]} 26. g3 {[%clk 0:15:32]} a5 {[%clk 0:35:24]} 27. Bg2
{[%clk 0:15:09]} b5 {[%clk 0:35:06]} 28. axb5 {[%clk 0:14:37]} Bxb5
{[%clk 0:35:09]} 29. e5 {[%clk 0:13:02]} dxe5 {[%clk 0:34:55]} 30. fxe5
{[%clk 0:13:20]} Ne6 {[%clk 0:35:07]} 31. Rd5 {[%clk 0:12:08]} Rc5
{[%clk 0:28:28]} 32. c4 {[%clk 0:08:23]} Bc6 {[%clk 0:26:35]} 33. Rxc5
{[%clk 0:06:55]} Nxc5 {[%clk 0:26:59]} 34. Bxc6 {[%clk 0:03:59]} Rxc6
{[%clk 0:27:27]} 35. Rd8+ {[%clk 0:04:18]} Kg7 {[%clk 0:27:30]} 36. Rb8
{[%clk 0:04:39]} Nd7 {[%clk 0:25:03]} 37. Rb5 {[%clk 0:04:56]} Rc5
{[%clk 0:25:10]} 38. Nd3 {[%clk 0:04:14]} Rxb5 {[%clk 0:24:55]} 39. cxb5
{[%clk 0:04:29]} Kf8 {[%clk 0:23:57]} 40. Kf2 {[%clk 0:34:30]} Ke8
{[%clk 0:54:02]} 41. Ke3 {[%clk 0:34:59]} Kd8 {[%clk 0:52:31]} 42. Kd4
{[%clk 0:33:39]} Kc7 {[%clk 0:52:23]} 43. Nc5 {[%clk 0:29:56]} Nb6
{[%clk 0:51:54]} 44. Na4 {[%clk 0:25:54]} Nd7 {[%clk 0:48:18]} 45. Kd5
{[%clk 0:15:42]} e6+ {[%clk 0:46:42]} 46. Kd4 {[%clk 0:15:33]} Nb6
{[%clk 0:41:26]} 47. Nc3 {[%clk 0:14:07]} Nd7 {[%clk 0:40:36]} 48. Na4
{[%clk 0:11:51]} Nb6 {[%clk 0:40:31]} 49. Nxb6 {[%clk 0:10:42]} Kxb6
{[%clk 0:40:59]} 50. Kc4 {[%clk 0:11:00]} g5 {[%clk 0:35:07]} 51. h3 Kc7
{[%clk 0:34:12]} 52. Kc5 {[%clk 0:11:19]} Kd7 {[%clk 0:30:53]} 53. b6
{[%clk 0:10:24]} 1-0